000 00366nam a22001457a 4500
005 20160129115149.0
008 160129b xxu||||| |||| 00| 0 eng d
040 _cPK-LaUMT
082 _aAMC 959.7043373
_bNEI-P
100 _aNeil sheehan
245 _aThe pentagon papers
_cNeil sheehan
260 _aToronto
_bBantam books
_c1971
300 _a677 p.
942 _cBK
999 _c82399
_d82399